000
00308nam a22001337a 4500
008
210301b ||||| |||| 00| 0 eng d
020
_a
9780443067617
041
_a
eng
080
_a
611
100
_a
6
101
_a
ANA
245
_a
Dorland's Gray's-Pocket Atlas of Anatomy
_c
Drake,L.R
942
_2
udc
_c
BK
999
_c
55411
_d
55411